| 000 | 00692nam a2200193Ia 4500 | ||
|---|---|---|---|
| 003 | GCL | ||
| 008 | 140319s9999 xx 000 0 ara d | ||
| 040 |
_aGCL / _cGCL |
||
| 082 | 0 | 4 |
_a922.113 _bب أ |
| 100 | 1 | _aبكر اسماعيل | |
| 245 | 1 | 0 |
_aالاستاذ الدكتور \ محمد محمد ابوليلة : _bالداعية والمفكر الاسلامى ودورة البارز فى خدمة قضية كوسوفا / _cبكر اسماعيل |
| 250 | _aالاولى | ||
| 300 |
_a110 ص ؛ _c20 سم |
||
| 650 | 0 | 4 | _aالدعاة |
| 650 | 0 | 4 | _aالاسلام - تراجم |
| 650 | 0 | 4 | _aالرجال - تراجم |
| 650 | 0 | 4 | _aمحمد محمد ابو ليلة |
| 942 |
_2ddc _cBK |
||
| 999 |
_c7629 _d7629 |
||